000
00317nam a22001457a 4500
008
210527b ||||| |||| 00| 0 eng d
020
_a
9780534495657
041
_a
eng
080
_a
573
082
_a
573
100
_a
11
101
_a
BIO
245
_a
Biology today and tomorrow
_c
Evers,Ch.A
942
_2
udc
_c
BK
999
_c
57672
_d
57672